00752nam a2200241Ia 4500003000900000008004100009040001300050040001300063041000800076100001900084245008700103250001100190260001300201260000900214300001100223300001200234490001500246490000600261700002100267942000700288999001700295952019800312IT-RoPAU120407s9999 xx 000 0 und d aIT-RoPAU cIT-RoPAU aita aProspero Grech a"Metodologia per uno studio della teologia del Nuovo Testamento. " aTorino aMarietti c1978 a192 p. c24,5 cm aBiblica, 1 v1 aGiuseppe Segalla cBK c28000d28000 00102ddc406225_32000000000000071aPAULUSbPAULUSd2012-04-11l0o225.32r2012-04-11 00:00:00w2012-04-11yBKzInserito da: Anna In data: 12 settembre 2011 fondo: Via A.Severo 56 Progr:26398